State Of Grace/ (Record no. 185462)

MARC details
000 -LEADER
fixed length control field 00548nam a22001817a 4500
005 - DATE AND TIME OF LATEST TRANSACTION
control field 20220203105209.0
010 ## - LCCN (DPL NO)
LC control number ENG-131371
020 ## - INTERNATIONAL STANDARD BOOK NUMBER
International Standard Book Number 9788195012671
Terms of availability 295.00
035 ## - SYSTEM CONTROL NUMBER
System control number EN-114903
037 ## - SOURCE OF ACQUISITION
Source of stock number/acquisition DBAD
082 ## - DEWEY DECIMAL CLASSIFICATION NUMBER
Classification number S
100 ## - MAIN ENTRY--PERSONAL NAME
Personal name Desai, Neena
245 ## - TITLE STATEMENT
Title State Of Grace/
Statement of responsibility, etc Neena Desai
260 ## - PUBLICATION, DISTRIBUTION, ETC. (IMPRINT)
Place of publication, distribution, etc Maharashtra
Name of publisher, distributor, etc Vihwakarma Publications
Date of publication, distribution, etc 2021
270 ## - ADDRESS
Address 34A/1, Suyog Center, 7th Floor, Gultekadi Marketyard Road, Giridhar Bhavan Chowk
City Pune
Postal code 411037
Electronic mail address info@vpindia.co.in
300 ## - PHYSICAL DESCRIPTION
Extent 232p.
Dimensions 22cm(pbk)
942 ## - ADDED ENTRY ELEMENTS (KOHA)
Source of classification or shelving scheme Dewey Decimal Classification
Item type English Books
Classification part S
Call number suffix DES
Holdings
Withdrawn status Lost status Not for loan Collection code Home library Current library Date acquired Source of acquisition Cost, normal purchase price Full call number Barcode Copy number Cost, replacement price Koha item type
    Not For Loan Fiction D.B.Act.Division Mobile Library 03/02/2022 DBAD/PUB 295.00 S DES EN-114903 1 295.00 English Books

© Delhi Public Library
Hit Counter
free hit counter